Statistics for Must Know Geography Knowledge #1

Click here to take the quiz!

General Stats

  • This quiz has been taken 85 times
  • The average score is 8 of 10

Answer Stats

QuestionAnswer% Correct
Language mainly spoken in ChinaMandarin
97%
Capital of SpainMadrid
96%
Capital of EgyptCairo
95%
Second largest countryCanada
93%
Largest Portugese speaking countryBrazil
92%
Island state of the USAHawaii
91%
Most populous country in AfricaNigeria
80%
Number of countries in Africa54
67%
Southernmost state in AustraliaTasmania
61%
Only country without white, red or blue on its flagJamaica
37%

Score Distribution

Percentile by Number Answered

Percent of People with Each Score

Your Score History

You have not taken this quiz